Nguyễn Ái Quốc - Hồ Chí Minh (1890-1969)

Sách gồm 3 phần giới thiệu cuộc đời và tác phẩm và những bài nghiên cứu phê bình bình luận về tác giả. Ngoài ra còn giới thiệu một số bài làm văn chọn lọc để giúp độc giả hiểu thêm về tác giả cùng tác phẩm....

全面介绍

Đã lưu trong:
书目详细资料
格式: 图书
语言:Undetermined
出版: Thành phố Hồ Chí Minh Văn nghệ 1997
主题:
标签: 添加标签
没有标签, 成为第一个标记此记录!
Thư viện lưu trữ: Trung tâm Học liệu Trường Đại học Cần Thơ
LEADER 01033nam a2200217Ia 4500
001 CTU_22037
008 210402s9999 xx 000 0 und d
020 |b 13.000đ 
020 |c 13000 
082 |a 809 
082 |b Ng527/T.14 
245 0 |a Nguyễn Ái Quốc - Hồ Chí Minh (1890-1969) 
245 0 |c Hồ Sĩ Hiệp sưu tập và biên soạn 
260 |a Thành phố Hồ Chí Minh 
260 |b Văn nghệ 
260 |c 1997 
520 |a Sách gồm 3 phần giới thiệu cuộc đời và tác phẩm và những bài nghiên cứu phê bình bình luận về tác giả. Ngoài ra còn giới thiệu một số bài làm văn chọn lọc để giúp độc giả hiểu thêm về tác giả cùng tác phẩm. 
650 |a Vietnamese literature 
650 |x History and criticism 
904 |i Minh (sửa số pl 809/H307/T.14 thành 809/Ng527/T.14) 
980 |a Trung tâm Học liệu Trường Đại học Cần Thơ